| 000 -LEADER |
| fixed length control field |
00310nam a22001337a 4500 |
| 008 - FIXED-LENGTH DATA ELEMENTS--GENERAL INFORMATION |
| fixed length control field |
241223b 1987 ||||| |||| 00| 0 eng d |
| 020 ## - INTERNATIONAL STANDARD BOOK NUMBER |
| International Standard Book Number |
0113405901 |
| 082 ## - DEWEY DECIMAL CLASSIFICATION NUMBER |
| Classification number |
363.37092 |
| Item number |
HMS |
| 100 ## - MAIN ENTRY--PERSONAL NAME |
| Personal name |
HMSO |
| 245 ## - TITLE STATEMENT |
| Title |
Manual of firemanship |
| 260 ## - PUBLICATION, DISTRIBUTION, ETC. (IMPRINT) |
| Place of publication, distribution, etc |
London |
| Name of publisher, distributor, etc |
HMSO |
| Date of publication, distribution, etc |
1987 |
| 300 ## - PHYSICAL DESCRIPTION |
| Extent |
xvi, 193p. |
| 942 ## - ADDED ENTRY ELEMENTS (KOHA) |
| Item type |
Books |